Państwa ze słońcem na fladze - Statystyki

Ogólne statystyki
  • Ten quiz został rozwiązany 52 razy
  • Średni wynik to 6 z 15
Statystyki odpowiedzi
Kontynent Państwo % Poprawnych
Ameryka Południowa Argentyna
80%
Ameryka Południowa Urugwaj
64%
Oceania Kiribati
55%
Ameryka Północna Antigua i Barbuda
52%
Azja Kirgistan
48%
Europa Macedonia Północna
45%
Ameryka Południowa Ekwador
34%
Azja Kazachstan
34%
Afryka Malawi
25%
Azja Nepal
25%
Azja Filipiny
23%
Azja Malezja
20%
Afryka Rwanda
20%
Azja Tajwan
20%
Afryka Namibia
11%
Nie znaleziono quizów pasujących do podanych kryteriów
Rozkład punktacji
Procent ludzi z każdym wynikiem
Percentyl według liczby udzielonych odpowiedzi
Twoja historia wyników
Nie rozwiązałeś tego quizu